000 00716nam a22002177a 4500
003 UA-OsUOA
001 129096
007 ta
008 20180216b un ||||| |||| 00| 0 ukr d
100 _aКульчицький С.
090 _a94(477)
_bК90
942 _cSA
040 _aUA-OsUOA
_bukr
_cUA-OsUOA
_dUA-OsUOA
245 _aГетьманат та його роль в історії. Українська держава Павла Скоропадського у вітчизняному державотворчому процесі
300 _aС.20
955 _a0
041 _aukr
080 _a94(477)
773 0 _w129093
650 7 _a9 Географія. Біографії. Історія
_2UDC
999 _c416893
_d416893